Ekonomika regiónu Blízky a Stredný východ diplomová práca

Na minha lista:
Detalhes bibliográficos
Autor principal: Samáková, Alica
Autor Corporativo: Ekonomická univerzita v Bratislave. Fakulta medzinárodných vzťahov
Outros Autores: Csabay, Marek
Formato: Livro
Idioma:eslovaco
Publicado em: Bratislava 2010
Tags: Adicionar Tag
Sem tags, seja o primeiro a adicionar uma tag!

MARC

LEADER 00000nam a2200000 4500
001 0121855
005 20240318122029.4
041 0 |a slo 
044 |a SK 
245 1 0 |a Ekonomika regiónu Blízky a Stredný východ  |b diplomová práca  |c Alica Samáková ; škol. Marek Csabay 
264 1 |a Bratislava  |c 2010 
300 |a 66 s. 
100 1 |a Samáková, Alica 
700 1 |a Csabay, Marek 
710 2 |a Ekonomická univerzita v Bratislave. Fakulta medzinárodných vzťahov